|
|
|
|
| LEADER |
00000nam0a2200000 4500 |
| 001 |
222287 |
| 005 |
20231101230444.0 |
| 035 |
|
|
|a (RuTPU)RU\TPU\book\242472
|
| 090 |
|
|
|a 222287
|
| 100 |
|
|
|a 20120920d1957 k y0rusy50 ca
|
| 101 |
0 |
|
|a rus
|
| 102 |
|
|
|a RU
|
| 105 |
|
|
|a a z 001zy
|
| 200 |
1 |
|
|a Оксидный катод
|e сборник трудов Международного конгресса, посвященного пятидесятилетию открытия оксидного катода, Париж 1954 г.
|f под ред. Б. М. Царева
|
| 210 |
|
|
|a Москва
|c Изд-во иностранной литературы
|d 1957
|
| 215 |
|
|
|a 480 с.
|c ил.
|
| 320 |
|
|
|a Библиогр. в конце ст.
|
| 606 |
1 |
|
|a Катоды оксидные
|x Электроника
|2 stltpush
|3 (RuTPU)RU\TPU\subj\14110
|9 40578
|
| 610 |
1 |
|
|a катоды
|
| 610 |
1 |
|
|a оксидные катоды
|
| 610 |
1 |
|
|a подложки
|
| 610 |
1 |
|
|a карбонаты
|
| 610 |
1 |
|
|a нанесение
|
| 610 |
1 |
|
|a эмиссия
|
| 610 |
1 |
|
|a свойства
|
| 610 |
1 |
|
|a эмиссионные свойства
|
| 610 |
1 |
|
|a стабильность
|
| 675 |
|
|
|a 621.385.3
|v 3
|
| 702 |
|
1 |
|a Царев
|b Б. М.
|g Борис Михайлович
|4 340
|
| 801 |
|
1 |
|a RU
|b 63413507
|c 20120920
|
| 801 |
|
2 |
|a RU
|b 63413507
|c 20181112
|g RCR
|
| 942 |
|
|
|c BK
|